000 00352nam a2200133Ia 4500
008 240624s9999 xx 000 0 und d
041 _aeng
082 _a003 GHA
100 _aGHARAJEDAGHI JAMSHID
245 _aSYSTEM THINKING MANAGING CHAOS AND COMPL
260 _c2008
_aNew Delhi
_bElsevier
300 _axix, : 333 : p. : cm. ; 23
365 _cRS
_b28
999 _c7400
_d7400